[Event "IX Open"]
[Site "Crema ITA"]
[Date "2007.09.07"]
[Round "2"]
[White "Casale, Anania"]
[Black "De Palma, Fabrizio"]
[Result "0-1"]
[WhiteElo "1703"]
[BlackElo "1972"]
[PlyCount "68"]
[EventDate "2007.09.07"]

1. d4 Nf6 2. c4 c5 3. d5 e6 4. Nc3 exd5 5. cxd5 d6 6. e4 g6 7. Nf3 Bg7 8. Qc2
O-O 9. Be2 a6 10. a4 Bg4 11. O-O Bxf3 12. Bxf3 Nbd7 13. Bf4 Qe7 14. Rfe1 Ne5
15. Be2 Nfd7 16. Qd2 f6 17. Bh6 g5 18. Bxg7 Qxg7 19. Qd1 g4 20. f4 gxf3 21.
Bxf3 c4 22. Re3 f5 23. exf5 Rxf5 24. Ne4 Qh6 25. Qe2 Raf8 26. Bg4 Nxg4 27.
Qxg4+ Kh8 28. Rg3 Ne5 29. Qe2 Nd3 30. Qg4 Rf4 31. Qe2 Re8 32. Nf6 Rf8 33. Rh3
Qxf6 34. b3 Qxa1+ 0-1

[Event "IX Open"]
[Site "Crema ITA"]
[Date "2007.09.07"]
[Round "2"]
[White "Casartelli, Fabio"]
[Black "Salami, Marco"]
[Result "0-1"]
[WhiteElo "1916"]
[BlackElo "2225"]
[PlyCount "56"]
[EventDate "2007.09.07"]

1. d4 f5 2. Nd2 Nf6 3. Ngf3 b6 4. e3 Bb7 5. Bd3 e6 6. b3 Ne4 7. Bxe4 fxe4 8.
Ne5 Qg5 9. Qg4 Qxg4 10. Nxg4 a5 11. Bb2 a4 12. O-O Bb4 13. Rfd1 a3 14. Bc1 Bc3
15. Rb1 b5 16. b4 Bd5 17. Nb3 d6 18. h3 Bxb4 19. Bd2 Bxd2 20. Rxd2 Nc6 21. f4
exf3 22. Nf2 fxg2 23. e4 Bc4 24. d5 Ne5 25. dxe6 Nf3+ 26. Kxg2 Nxd2 27. Nxd2
Bxa2 28. Rxb5 Bxe6 0-1

[Event "IX Open"]
[Site "Crema ITA"]
[Date "2007.09.07"]
[Round "2"]
[White "Castrogiovanni, Carlo"]
[Black "Perico, Gianvittorio"]
[Result "1-0"]
[WhiteElo "2086"]
[BlackElo "1697"]
[PlyCount "86"]
[EventDate "2007.09.07"]

1. d4 Nf6 2. c4 e6 3. Nf3 d5 4. g3 Be7 5. Bg2 O-O 6. b3 Nbd7 7. O-O c6 8. Nbd2
Qc7 9. Bb2 Re8 10. Re1 h6 11. e4 dxe4 12. Nxe4 Nxe4 13. Rxe4 Bf6 14. Qe2 Nb6
15. Rd1 Bd7 16. Ne5 Bxe5 17. dxe5 c5 18. Re3 Bc6 19. Bxc6 Qxc6 20. Red3 a5 21.
a4 Nc8 22. Bc1 b6 23. Qg4 Kh7 24. Rd7 Re7 25. R1d6 Nxd6 26. Rxe7 Rf8 27. exd6
Qxd6 28. Rb7 Qc6 29. Ra7 Qd6 30. h4 Qd3 31. Bf4 Qd4 32. Qe2 Rd8 33. Rxf7 Qd1+
34. Qxd1 Rxd1+ 35. Kg2 Rb1 36. Be5 Kg6 37. Rxg7+ Kf5 38. Bf4 Rxb3 39. Rb7 Rb4
40. Bxh6 Rxa4 41. Rxb6 Rxc4 42. Rb5 a4 43. Ra5 a3 1-0

[Event "IX Open"]
[Site "Crema ITA"]
[Date "2007.09.07"]
[Round "2"]
[White "Codenotti, Marco"]
[Black "Colombo, Luca"]
[Result "1-0"]
[WhiteElo "1969"]
[BlackElo "1766"]
[PlyCount "49"]
[EventDate "2007.09.07"]

1. e4 c5 2. Nc3 Nc6 3. f4 d6 4. Nf3 g6 5. Bc4 Bg7 6. d3 a6 7. a3 b5 8. Ba2 Nf6
9. O-O O-O 10. Qe1 Nd7 11. f5 Nd4 12. fxg6 hxg6 13. Qh4 Nxf3+ 14. Rxf3 Bd4+ 15.
Kh1 Ne5 16. Rg3 Bxc3 17. bxc3 c4 18. Bh6 Re8 19. Rf1 Qa5 20. d4 Ng4 21. h3 Nxh6
22. Qxh6 e6 23. Rxg6+ fxg6 24. Qxg6+ Kh8 25. Rf7 1-0

[Event "IX Open"]
[Site "Crema ITA"]
[Date "2007.09.07"]
[Round "2"]
[White "Colzi, Dante"]
[Black "Valsecchi, Alessio"]
[Result "0-1"]
[WhiteElo "1905"]
[BlackElo "2175"]
[PlyCount "68"]
[EventDate "2007.09.07"]

1. e4 c5 2. Nc3 Nc6 3. g3 g6 4. Bg2 Bg7 5. d3 e6 6. f4 Nge7 7. Nf3 O-O 8. O-O
Rb8 9. Be3 d6 10. a4 a6 11. Qd2 b5 12. axb5 axb5 13. Nd1 Nd4 14. Qf2 Nec6 15.
c3 Nb3 16. Ra2 b4 17. e5 Ne7 18. Qc2 Nd4 19. Qf2 Nxf3+ 20. Bxf3 Nf5 21. d4 cxd4
22. Bxd4 Nxd4 23. cxd4 f6 24. Qe3 fxe5 25. dxe5 dxe5 26. fxe5 Rb5 27. Ra8 Rxe5
28. Qc1 Rc5 29. Qb1 Rcf5 30. Qc1 Bd4+ 31. Kg2 Rxf3 32. Rxf3 Qd5 33. Rxc8 Qxf3+
34. Kh3 Qf1+ 0-1

[Event "IX Open"]
[Site "Crema ITA"]
[Date "2007.09.07"]
[Round "2"]
[White "Crimi, Alessandro"]
[Black "Okhotnik, Vladimir"]
[Result "0-1"]
[WhiteElo "1918"]
[BlackElo "2468"]
[PlyCount "50"]
[EventDate "2007.09.07"]

1. d4 e6 2. c4 f5 3. Nc3 Nf6 4. Bg5 Be7 5. Bxf6 Bxf6 6. e4 g6 7. Nh3 c5 8. d5
Bxc3+ 9. bxc3 Qf6 10. Qd2 fxe4 11. Rd1 d6 12. Ng5 e5 13. Nxe4 Qe7 14. Qh6 Bf5
15. Bd3 Nd7 16. O-O Bxe4 17. Bxe4 O-O-O 18. Rb1 Rhf8 19. f3 Nb6 20. Bd3 Kc7 21.
a4 Nxa4 22. Qc1 Nb6 23. Qa3 Ra8 24. Rb5 Qg5 25. Re1 Qd2 0-1

[Event "IX Open"]
[Site "Crema ITA"]
[Date "2007.09.07"]
[Round "2"]
[White "Distratis, Gianluca"]
[Black "D'Apa, Massimo"]
[Result "1-0"]
[WhiteElo "1881"]
[BlackElo "1521"]
[PlyCount "61"]
[EventDate "2007.09.07"]

1. e4 c5 2. c3 d5 3. exd5 Qxd5 4. d4 Nc6 5. Nf3 Bg4 6. Be2 Nf6 7. O-O e6 8. h3
Bh5 9. Be3 Be7 10. Na3 O-O 11. g4 Bg6 12. Nb5 Rac8 13. dxc5 Qxd1 14. Rfxd1 Ne4
15. Nd6 Rc7 16. Nxe4 Bxe4 17. b4 Bf6 18. Rac1 Rcc8 19. g5 Bxf3 20. Bxf3 Be7 21.
Rd7 Ne5 22. Rxe7 Nxf3+ 23. Kg2 Nh4+ 24. Kf1 Rb8 25. Rd1 Nf5 26. Rc7 Nxe3+ 27.
fxe3 Rfc8 28. Rdd7 Rxc7 29. Rxc7 a6 30. a4 g6 31. c6 1-0

[Event "IX Open"]
[Site "Crema ITA"]
[Date "2007.09.07"]
[Round "2"]
[White "Ficco, Corrado"]
[Black "Cammarota, Vittorio"]
[Result "1-0"]
[WhiteElo "2158"]
[BlackElo "1916"]
[PlyCount "77"]
[EventDate "2007.09.07"]

1. e4 e5 2. Nf3 Nc6 3. Bb5 a6 4. Ba4 d6 5. Bxc6+ bxc6 6. d4 f6 7. O-O Bg4 8. c3
Ne7 9. Re1 Qc8 10. Nbd2 a5 11. Nf1 g6 12. h3 Be6 13. b3 Bg7 14. dxe5 fxe5 15.
Ng5 O-O 16. Be3 Bd7 17. b4 h6 18. Nf3 axb4 19. cxb4 Ra3 20. N1h2 Qa6 21. Bc1
Ra4 22. Qb3+ Kh7 23. a3 d5 24. Bb2 d4 25. Nd2 Qa7 26. Nhf3 Ra6 27. Nc4 Be6 28.
Qd3 Bxc4 29. Qxc4 Qa8 30. Qc5 Ng8 31. Nxe5 Qd8 32. Bxd4 Qh4 33. Nf3 Qd8 34.
Bxg7 Kxg7 35. Rad1 Qf6 36. Rd7+ Kh8 37. Re3 Qa1+ 38. Kh2 Rxa3 39. Qxf8 1-0

[Event "IX Open"]
[Site "Crema ITA"]
[Date "2007.09.07"]
[Round "2"]
[White "Fizzotti, Mario"]
[Black "Cervini, Ernesto"]
[Result "1-0"]
[WhiteElo "1839"]
[BlackElo "1467"]
[PlyCount "57"]
[EventDate "2007.09.07"]

1. c4 e5 2. g3 Nf6 3. Bg2 c6 4. d4 exd4 5. Qxd4 Be7 6. e4 c5 7. Qd2 Nc6 8. Nc3
O-O 9. Nge2 Qc7 10. O-O Re8 11. b3 a6 12. Bb2 d6 13. Nd5 Nxd5 14. exd5 Ne5 15.
f4 Ng6 16. f5 Ne5 17. Rad1 b5 18. Bxe5 dxe5 19. d6 Bxd6 20. Bxa8 Rd8 21. Bd5
Be7 22. Nc3 bxc4 23. bxc4 Qa5 24. Ne4 Qc7 25. f6 gxf6 26. Rxf6 Bxf6 27. Nxf6+
Kf8 28. Qh6+ Ke7 29. Qg5 1-0

[Event "IX Open"]
[Site "Crema ITA"]
[Date "2007.09.07"]
[Round "2"]
[White "Folcini, Gaddo"]
[Black "Masotti, Roberto"]
[Result "0-1"]
[WhiteElo "1481"]
[BlackElo "1948"]
[PlyCount "48"]
[EventDate "2007.09.07"]

1. d4 d5 2. e4 dxe4 3. Nc3 Nf6 4. f3 exf3 5. Nxf3 e6 6. Be2 c5 7. O-O Nc6 8.
Bg5 cxd4 9. Bxf6 gxf6 10. Ne4 f5 11. Nfg5 h6 12. Nxf7 Kxf7 13. Bh5+ Ke7 14. Ng3
Kd6 15. Bf3 Kc7 16. Bxc6 bxc6 17. Qd2 Qd5 18. c3 dxc3 19. Qc2 Bc5+ 20. Kh1 Qd2
21. Qa4 cxb2 22. Rad1 Qb4 23. Qc2 Ba6 24. Rfe1 Rhd8 0-1

[Event "IX Open"]
[Site "Crema ITA"]
[Date "2007.09.07"]
[Round "2"]
[White "Lanni, Vincenzo"]
[Black "Capata, Ion"]
[Result "1/2-1/2"]
[WhiteElo "1904"]
[BlackElo "2142"]
[PlyCount "103"]
[EventDate "2007.09.07"]

1. d4 d5 2. g3 Nf6 3. Bg2 g6 4. Nf3 Bg7 5. O-O O-O 6. c3 b6 7. Nbd2 Nbd7 8. Qc2
c5 9. e4 dxe4 10. Nxe4 Bb7 11. Nxf6+ Bxf6 12. Bh6 Bg7 13. Bxg7 Kxg7 14. Rad1
Qc7 15. d5 b5 16. b3 f6 17. Qd2 Nb6 18. d6 exd6 19. Qxd6 Qxd6 20. Rxd6 Rad8 21.
Rfd1 Rxd6 22. Rxd6 Re8 23. Kf1 Re7 24. Nd2 Bxg2+ 25. Kxg2 Kf7 26. Kf3 f5 27. h4
Re5 28. c4 Ke7 29. Rc6 bxc4 30. Nxc4 Nxc4 31. bxc4 a5 32. Ra6 Re4 33. Rxa5 Rxc4
34. Ra7+ Ke6 35. a4 Ke5 36. a5 Rc3+ 37. Ke2 Rc2+ 38. Ke3 Rc3+ 39. Kd2 Ra3 40.
a6 Ke4 41. Re7+ Kd4 42. Rd7+ Ke4 43. a7 c4 44. Re7+ Kd4 45. Rd7+ Ke5 46. Rxh7
Ra2+ 47. Kc3 Ke4 48. Kxc4 Kf3 49. Kb5 Kxf2 50. h5 gxh5 51. Rxh5 Rxa7 52. Rxf5+
1/2-1/2

[Event "IX Open"]
[Site "Crema ITA"]
[Date "2007.09.07"]
[Round "2"]
[White "Madaschi, Sergio"]
[Black "Calvi, Gianluca"]
[Result "0-1"]
[WhiteElo "1469"]
[BlackElo "1885"]
[PlyCount "124"]
[EventDate "2007.09.07"]

1. e4 c5 2. Nc3 a6 3. g3 Nc6 4. Bg2 Nf6 5. Nf3 d6 6. d4 cxd4 7. Nxd4 e5 8. Nxc6
bxc6 9. O-O Be7 10. h3 O-O 11. Be3 Rb8 12. Rb1 Be6 13. Qd2 d5 14. exd5 cxd5 15.
Bg5 d4 16. Nd1 Bxa2 17. Ra1 Bc4 18. Re1 Qb6 19. Rxe5 Qd6 20. Bf4 Qd7 21. Rxe7
Qxe7 22. Bxb8 Rxb8 23. Qxd4 Bb5 24. Ne3 Rd8 25. Qc3 Qe6 26. Qb4 g6 27. b3 Qe5
28. Re1 Rd4 29. Qa5 Qd6 30. c4 Bd7 31. b4 Rd2 32. Rc1 Rb2 33. c5 Qd2 34. Rf1
Bb5 35. Qb6 Kg7 36. Qd6 Qxd6 37. cxd6 Bxf1 38. Bxf1 Rxb4 39. Bxa6 Rb6 40. Bf1
Rxd6 41. Bg2 Nd7 42. Be4 Nc5 43. Bc2 Na6 44. Kg2 Nb4 45. Bb1 Nc6 46. Be4 Ne5
47. Bc2 Kf6 48. Bb1 Rd2 49. Be4 Ke6 50. Bb1 f5 51. h4 Nd3 52. Bxd3 Rxd3 53. Kf3
Ke5 54. Ke2 Kd4 55. Nc2+ Kc3 56. Ne3 Rd4 57. Kf3 Kd3 58. Ng2 Re4 59. Nf4+ Kd2
60. Ng2 h6 61. Nf4 g5 62. hxg5 hxg5 0-1

[Event "IX Open"]
[Site "Crema ITA"]
[Date "2007.09.07"]
[Round "2"]
[White "Marrone, Vincenzo"]
[Black "Corbellini, Nicola"]
[Result "0-1"]
[WhiteElo "1939"]
[BlackElo "1533"]
[PlyCount "66"]
[EventDate "2007.09.07"]

1. e4 c5 2. Nf3 d6 3. d4 cxd4 4. Nxd4 Nf6 5. Nc3 a6 6. Be3 e6 7. f3 b5 8. Qd2
Bb7 9. O-O-O Nbd7 10. g4 Nb6 11. h4 Rc8 12. h5 Qc7 13. g5 Nfd7 14. Bd3 Ne5 15.
Rh2 b4 16. Nb1 d5 17. Rg2 Nbc4 18. Bxc4 Nxc4 19. Qd3 Qa5 20. Qb3 dxe4 21. f4
Bd5 22. Ne2 Nd2 23. Rxd2 Bxb3 24. axb3 Bc5 25. Bd4 Bxd4 26. Rxd4 Qc5 27. c3 O-O
28. Rg3 Rfd8 29. Kd2 bxc3+ 30. bxc3 Rxd4+ 31. Nxd4 Rd8 32. Ke3 Rxd4 33. cxd4
Qc1+ 0-1

[Event "IX Open"]
[Site "Crema ITA"]
[Date "2007.09.07"]
[Round "2"]
[White "Martino, Antonio M."]
[Black "Ferrero, Oscar"]
[Result "1-0"]
[WhiteElo "2005"]
[BlackElo "1726"]
[PlyCount "99"]
[EventDate "2007.09.07"]

1. c4 e5 2. Nc3 d6 3. g3 g6 4. Bg2 Bg7 5. d3 c6 6. e4 f5 7. Nge2 Nf6 8. O-O O-O
9. h3 Na6 10. Be3 Be6 11. b3 Qd7 12. Kh2 Nc7 13. d4 b6 14. dxe5 dxe5 15. Qxd7
Bxd7 16. Rad1 Rf7 17. Rd2 Re8 18. Rfd1 h6 19. f4 exf4 20. Bxf4 Ne6 21. e5 Nxf4
22. gxf4 Ree7 23. exf6 Bxf6 24. Na4 Kg7 25. c5 bxc5 26. Nxc5 Be8 27. Nd4 Bh4
28. Re2 Rxe2 29. Nxe2 Re7 30. Nd4 Re3 31. Nf3 Bf6 32. Re1 Rxe1 33. Nxe1 Kf7 34.
Ned3 g5 35. Kg3 Ke7 36. Ne5 Kd6 37. Ncd3 gxf4+ 38. Kxf4 Bg5+ 39. Kxf5 Bd7+ 40.
Nxd7 Kxd7 41. Ne5+ Kc7 42. Nxc6 Kb6 43. Ke6 a5 44. a4 h5 45. Kd5 h4 46. Ne5 Bf4
47. Nc4+ Ka6 48. Kc6 Bg3 49. Nb6 Be1 50. Nc8 1-0

[Event "IX Open"]
[Site "Crema ITA"]
[Date "2007.09.07"]
[Round "2"]
[White "Mombelli, Antonio"]
[Black "Mussap, Angelo"]
[Result "0-1"]
[WhiteElo "1693"]
[BlackElo "2083"]
[PlyCount "57"]
[EventDate "2007.09.07"]

1. e4 d5 2. exd5 Qxd5 3. Nc3 Qa5 4. Nf3 Bg4 5. Be2 e6 6. h3 Bh5 7. O-O Nf6 8.
d3 Bd6 9. Bd2 Qb6 10. Rb1 c6 11. Ng5 Bg6 12. Nge4 Nxe4 13. Nxe4 Be7 14. Bc3 O-O
15. Ng3 Nd7 16. Bh5 Nf6 17. Bxg6 hxg6 18. Qe2 Bd6 19. Ne4 Nxe4 20. Qxe4 Rfd8
21. Be5 Be7 22. Kh1 Rd5 23. Bc3 Rad8 24. f3 Rh5 25. Qe1 Rdd5 26. Rg1 Rh4 27.
Qe2 Rh7 28. Rge1 Bh4 29. Red1 0-1

[Event "IX Open"]
[Site "Crema ITA"]
[Date "2007.09.07"]
[Round "2"]
[White "Pagano, Davide"]
[Black "Milanesi, Erminio"]
[Result "0-1"]
[WhiteElo "1464"]
[BlackElo "1862"]
[PlyCount "72"]
[EventDate "2007.09.07"]

1. e4 g6 2. d4 Nh6 3. Nf3 c6 4. Bd3 f6 5. O-O Nf7 6. Re1 Bg7 7. Nbd2 O-O 8. Nb3
d6 9. c3 Bg4 10. h3 Bd7 11. Bf4 e5 12. Be3 a5 13. a4 Na6 14. Qd2 Nc7 15. Rad1
Be6 16. Bc2 b5 17. Nc1 Qc8 18. Ne2 d5 19. Ng3 dxe4 20. Bxe4 Nd5 21. h4 Nxe3 22.
Rxe3 Bh6 23. Qd3 Bxe3 24. fxe3 f5 25. Bxc6 Bc4 26. Qc2 Qxc6 27. dxe5 bxa4 28.
Nd4 Qe8 29. Qf2 Qxe5 30. h5 Rae8 31. e4 f4 32. hxg6 hxg6 33. Nh1 Qxe4 34. Qh4
Bd5 35. Nf3 Qe3+ 36. Nf2 Bxf3 0-1

[Event "IX Open"]
[Site "Crema ITA"]
[Date "2007.09.07"]
[Round "2"]
[White "Paravella, Alberto"]
[Black "Vigano', Massimo"]
[Result "1/2-1/2"]
[WhiteElo "1542"]
[BlackElo "2103"]
[PlyCount "56"]
[EventDate "2007.09.07"]

1. e4 e6 2. d4 d5 3. exd5 exd5 4. Nf3 Bd6 5. Nc3 c6 6. Bd3 Ne7 7. O-O Bg4 8.
Re1 Qc7 9. h3 Bh5 10. Bg5 f6 11. Bd2 Nd7 12. Qe2 O-O-O 13. Nd1 Rde8 14. Ne3 Kb8
15. Qd1 g5 16. Nf5 Nxf5 17. Bxf5 Bg6 18. Rxe8+ Rxe8 19. Bxg6 hxg6 20. Be3 Nf8
21. Qd3 Qh7 22. Re1 Ne6 23. Bd2 g4 24. Nh2 f5 25. Qe3 Bf4 26. Qxf4+ Nxf4 27.
Bxf4+ Kc8 28. Rxe8+ Kd7 1/2-1/2

[Event "IX Open"]
[Site "Crema ITA"]
[Date "2007.09.07"]
[Round "2"]
[White "Perrotta, Leopoldo"]
[Black "Radaelli, Pietro"]
[Result "1-0"]
[WhiteElo "1875"]
[BlackElo "1470"]
[PlyCount "85"]
[EventDate "2007.09.07"]

1. e4 e5 2. Nc3 Nf6 3. Bc4 Bc5 4. d3 c6 5. Be3 Bxe3 6. fxe3 Qb6 7. Qd2 Qxb2 8.
Rb1 Qa3 9. Nf3 Qa5 10. O-O O-O 11. d4 exd4 12. exd4 d6 13. Bd3 Nbd7 14. Ng5 h6
15. Rf5 Qc7 16. Nh3 Nh7 17. Rf2 Nb6 18. Nf4 Be6 19. Qe3 Rae8 20. Qg3 Kh8 21. e5
dxe5 22. dxe5 Nd5 23. Nce2 Nxf4 24. Nxf4 Bxa2 25. Re1 Be6 26. Ref1 b5 27. Nh5
Rg8 28. Nf4 a5 29. Ng6+ fxg6 30. Qxg6 Ng5 31. h4 Bf7 32. Rxf7 Re6 33. Rxc7 Rxg6
34. Bxg6 Ne6 35. Rxc6 Nd4 36. Rc7 Ne2+ 37. Kh2 Nd4 38. Rd1 Ne6 39. Rb7 Nf4 40.
Be4 Ne2 41. Rd6 Nc3 42. Rxh6+ gxh6 43. Rh7# 1-0

[Event "IX Open"]
[Site "Crema ITA"]
[Date "2007.09.07"]
[Round "2"]
[White "Pezzotta, Gianni"]
[Black "Oteri, Aldo"]
[Result "1-0"]
[WhiteElo "1718"]
[BlackElo "1957"]
[PlyCount "39"]
[EventDate "2007.09.07"]

1. d4 Nf6 2. Nf3 d5 3. e3 e6 4. Bd3 c5 5. c3 Nc6 6. Nbd2 b6 7. O-O Bb7 8. Qe2
Be7 9. c4 cxd4 10. cxd5 dxe3 11. dxc6 exd2 12. cxb7 dxc1=Q 13. Rfxc1 Rb8 14.
Bb5+ Kf8 15. Ba6 Qd6 16. Rc8+ Bd8 17. Rac1 Nd7 18. Rd1 Qe7 19. Ne5 Nxe5 20.
Qxe5 1-0

[Event "IX Open"]
[Site "Crema ITA"]
[Date "2007.09.07"]
[Round "2"]
[White "Ranfagni, Stefano"]
[Black "Vetturi, Pietro"]
[Result "1-0"]
[WhiteElo "2031"]
[BlackElo "1742"]
[PlyCount "63"]
[EventDate "2007.09.07"]

1. e4 c5 2. c3 Nf6 3. e5 Nd5 4. Nf3 e6 5. d4 cxd4 6. Nxd4 d6 7. exd6 Bxd6 8.
Bd3 a6 9. O-O Qc7 10. h3 Nf6 11. Nd2 Nbd7 12. Re1 O-O 13. N2f3 b5 14. Bxb5 Ne5
15. Ba4 Bb7 16. Qe2 Nxf3+ 17. Nxf3 h6 18. Bc2 Rfe8 19. Nd2 Rac8 20. Ne4 Nxe4
21. Bxe4 Bxe4 22. Qxe4 Qb6 23. Qc2 Bb8 24. g3 Red8 25. Be3 Qb7 26. Qe2 Rd7 27.
Rad1 Rcd8 28. Rxd7 Rxd7 29. b3 Qc8 30. Rd1 Rc7 31. c4 a5 32. Bb6 1-0

[Event "IX Open"]
[Site "Crema ITA"]
[Date "2007.09.07"]
[Round "2"]
[White "Romagnoli, Franco"]
[Black "Barrera, Pietro"]
[Result "1/2-1/2"]
[WhiteElo "2111"]
[BlackElo "1905"]
[PlyCount "95"]
[EventDate "2007.09.07"]

1. e4 c5 2. Nf3 d6 3. Bb5+ Bd7 4. Bxd7+ Qxd7 5. O-O Nc6 6. c3 Nf6 7. Re1 g6 8.
d4 cxd4 9. cxd4 Bg7 10. Nc3 O-O 11. h3 Rfd8 12. Be3 a6 13. Na4 Qe8 14. Nb6 Rab8
15. d5 Ne5 16. Nxe5 dxe5 17. Qf3 Qb5 18. Rac1 Nd7 19. Nc4 Rbc8 20. b3 Nc5 21.
Red1 Nd7 22. Qe2 a5 23. Qd2 b6 24. f3 Qa6 25. Qf2 Nc5 26. Bxc5 Rxc5 27. Nxb6
Rxc1 28. Rxc1 Bh6 29. Rc3 Rb8 30. Rc6 Qd3 31. Nc4 a4 32. Rb6 Rxb6 33. Qxb6 Qb1+
34. Kf2 Qxa2+ 35. Ke1 Qxb3 36. Qxb3 axb3 37. Kd1 Bg7 38. Kd2 Kf8 39. Kc3 Ke8
40. Kxb3 Kd7 41. Kb4 Kc7 42. Kb5 f6 43. Na5 Bh6 44. Nc6 Kd7 45. Kb6 Be3+ 46.
Kb7 h5 47. Nb8+ Kd6 48. Kc8 1/2-1/2

[Event "IX Open"]
[Site "Crema ITA"]
[Date "2007.09.07"]
[Round "2"]
[White "Scalcione, Michelangelo"]
[Black "Mora, Lorenzo"]
[Result "1-0"]
[WhiteElo "2288"]
[BlackElo "1920"]
[PlyCount "83"]
[EventDate "2007.09.07"]

1. Nf3 Nf6 2. c4 d6 3. d4 g6 4. Nc3 Bg7 5. e4 Nbd7 6. Be2 O-O 7. O-O c5 8. d5
Re8 9. Re1 Nf8 10. h3 e6 11. Bf1 exd5 12. cxd5 a6 13. a4 Rb8 14. Nd2 N6d7 15.
Nc4 Ne5 16. Na3 f5 17. f4 Nf7 18. Nc4 Bd7 19. a5 Qh4 20. Kh2 Bxc3 21. bxc3 Rxe4
22. Rxe4 fxe4 23. g3 Qf6 24. Rb1 Bb5 25. Ne3 Bxf1 26. Qxf1 Qxc3 27. Qf2 Qxa5
28. Bb2 c4 29. Qc2 c3 30. Bxc3 Qc5 31. Qd2 Nd7 32. Ba1 b5 33. Rc1 Qa7 34. Ng4
h5 35. Qb2 Kf8 36. Qg7+ Ke8 37. Bd4 Qb7 38. Ne3 Nf8 39. f5 Ng5 40. Rc7 Qxc7 41.
Qxc7 Nd7 42. Ba7 1-0

[Event "IX Open"]
[Site "Crema ITA"]
[Date "2007.09.07"]
[Round "2"]
[White "Stella, Andrea"]
[Black "Sartorio, Diego"]
[Result "1-0"]
[WhiteElo "2132"]
[BlackElo "1901"]
[PlyCount "65"]
[EventDate "2007.09.07"]

1. d4 d5 2. c4 e6 3. Nc3 c6 4. cxd5 exd5 5. Qc2 Be6 6. Nf3 Be7 7. Bf4 Nf6 8. e3
Nbd7 9. Bd3 Nf8 10. O-O Ng6 11. Bg3 Nh5 12. Rab1 Nxg3 13. hxg3 O-O 14. Rfc1 a5
15. a3 Bd6 16. Na4 Bg4 17. Nh2 Bc8 18. Nf1 Qe7 19. Nc5 Bxc5 20. Qxc5 Qxc5 21.
Rxc5 Bd7 22. b4 axb4 23. axb4 Ra3 24. Be2 b5 25. Bf3 Rfa8 26. e4 dxe4 27. Bxe4
Ne7 28. d5 cxd5 29. Bxd5 Ra1 30. Rxa1 Rxa1 31. Rc7 Rd1 32. Rxd7 Rxd5 33. Rxe7
1-0

[Event "IX Open"]
[Site "Crema ITA"]
[Date "2007.09.07"]
[Round "2"]
[White "Tagliaferri, Valerio"]
[Black "Vishanji, Franz"]
[Result "1-0"]
[WhiteElo "1440"]
[BlackElo "1428"]
[PlyCount "39"]
[EventDate "2007.09.07"]

1. d4 d5 2. Nf3 Nc6 3. Nbd2 Bf5 4. e3 a6 5. a3 f6 6. Nh4 Qd7 7. Nxf5 Qxf5 8.
Bd3 Qg5 9. O-O e5 10. c4 dxc4 11. Bxc4 exd4 12. exd4 h5 13. d5 Ne5 14. f4 Bc5+
15. Kh1 Qh6 16. fxe5 g5 17. Ne4 Qg6 18. Qa4+ b5 19. Bxb5+ axb5 20. Qxa8+ 1-0

[Event "IX Open"]
[Site "Crema ITA"]
[Date "2007.09.07"]
[Round "2"]
[White "Usuelli, Michele"]
[Black "D'Apa, Matteo"]
[Result "0-1"]
[WhiteElo "1527"]
[BlackElo "2055"]
[PlyCount "96"]
[EventDate "2007.09.07"]

1. e4 e5 2. Nc3 Nf6 3. f4 d6 4. Nf3 Be7 5. fxe5 dxe5 6. Nxe5 O-O 7. d4 Bb4 8.
Bg5 h6 9. Bxf6 Qxf6 10. Bd3 c5 11. Rf1 Qh4+ 12. g3 Qxh2 13. Qf3 Bh3 14. Rf2
Qg1+ 15. Ke2 Qxa1 16. Nxf7 Nc6 17. Qh5 Nxd4+ 18. Kd2 Rxf7 19. Qxf7+ Kh8 20. e5
c4 21. Qxc4 Qxb2 22. Qxd4 Rc8 23. Qe4 Qxc3+ 24. Ke3 Qe1+ 25. Re2 Qxg3+ 26. Kd4
Qg4 27. Qxg4 Bxg4 28. Re4 Bf5 29. Rf4 Bxd3 30. cxd3 g5 31. Rf7 b5 32. Rb7 a6
33. Ke4 Rf8 34. Rb6 Kg7 35. Rxa6 g4 36. Ra7+ Rf7 37. Rxf7+ Kxf7 38. d4 g3 39.
Kf3 Bc3 40. Kxg3 Bxd4 41. Kf4 Ke6 42. Kg4 Bxe5 43. Kh5 Bf4 44. Kg4 Ke5 45. Kf3
h5 46. Kg2 h4 47. Kh3 Bg3 48. Kg2 Kd4 0-1

[Event "IX Open"]
[Site "Crema ITA"]
[Date "2007.09.07"]
[Round "2"]
[White "Vishanji, Adrian"]
[Black "Bozzali, Ermanno"]
[Result "1/2-1/2"]
[WhiteElo "1821"]
[BlackElo "2116"]
[PlyCount "77"]
[EventDate "2007.09.07"]

1. e4 c5 2. Nf3 e6 3. d4 cxd4 4. Nxd4 a6 5. Nc3 Nc6 6. Be3 Nf6 7. f3 Bb4 8. Bc4
d5 9. exd5 exd5 10. Bb3 O-O 11. Qd2 Re8 12. O-O-O Be6 13. g4 Qa5 14. h4 Rac8
15. h5 Ne5 16. Kb1 Rxc3 17. bxc3 Bxc3 18. Qf2 Bxg4 19. Bd2 Bxh5 20. Bxc3 Qxc3
21. Rh3 Nc4 22. Bxc4 dxc4 23. Rg3 Qb4+ 24. Ka1 Re5 25. Rxg7+ Kf8 26. Rg2 Ra5
27. Qe3 Nd5 28. Qh6+ Ke8 29. Re2+ Kd7 30. Nf5 Qc3+ 31. Kb1 Bg6 32. Qg5 Rb5+ 33.
Kc1 Kc7 34. Qg3+ Kb6 35. Qf2+ Ka5 36. Nd4 Qb2+ 37. Kd2 Qb4+ 38. Kc1 Qb2+ 39.
Kd2 1/2-1/2

[Event "IX Open"]
[Site "Crema ITA"]
[Date "2007.09.07"]
[Round "2"]
[White "Vuckovic, Dimitrije"]
[Black "Bongiorni, Gabriele"]
[Result "0-1"]
[WhiteElo "1428"]
[BlackElo "1816"]
[PlyCount "56"]
[EventDate "2007.09.07"]

1. d4 Nf6 2. c4 e6 3. Nc3 Bb4 4. a3 Bxc3+ 5. bxc3 c5 6. Bf4 O-O 7. e3 d6 8. Bd3
Qe7 9. Nf3 Nc6 10. h3 Rd8 11. e4 e5 12. Be3 b6 13. Bg5 h6 14. Be3 exd4 15. cxd4
cxd4 16. Bxd4 Nxd4 17. Nxd4 Bb7 18. f3 d5 19. cxd5 Rxd5 20. Ne2 Rd7 21. O-O
Rad8 22. Nc1 Ba6 23. Qc2 Bxd3 24. Nxd3 Rxd3 25. Rfd1 Rxd1+ 26. Rxd1 Qc5+ 27.
Qxc5 Rxd1+ 28. Kf2 bxc5 0-1

[Event "IX Open"]
[Site "Crema ITA"]
[Date "2007.09.08"]
[Round "3"]
[White "Acunzo, Domenico"]
[Black "Madaschi, Sergio"]
[Result "1-0"]
[WhiteElo "1776"]
[BlackElo "1469"]
[PlyCount "65"]
[EventDate "2007.09.07"]

1. e4 e5 2. f4 d5 3. exd5 Qxd5 4. Nf3 exf4 5. d4 Nf6 6. Be2 Be7 7. Bxf4 Qd8 8.
O-O O-O 9. c4 Bf5 10. Bd3 Bxd3 11. Qxd3 Nbd7 12. Nc3 c6 13. Rad1 a5 14. a3 a4
15. Kh1 Qb6 16. Bc1 Rfd8 17. Rde1 Bf8 18. Qf5 Ra5 19. c5 Qc7 20. Bf4 Qc8 21.
Qc2 Qa8 22. Bc7 Rc8 23. Bxa5 Qxa5 24. Qxa4 Qc7 25. Qc2 b6 26. b4 b5 27. Qb3 Qb7
28. Ng5 Nb8 29. Nce4 Rc7 30. Nxf6+ gxf6 31. Rxf6 Bg7 32. Re8+ Bf8 33. Qh3 1-0

[Event "IX Open"]
[Site "Crema ITA"]
[Date "2007.09.08"]
[Round "3"]
[White "Barrera, Pietro"]
[Black "Brugo, Marco"]
[Result "0-1"]
[WhiteElo "1905"]
[BlackElo "2142"]
[PlyCount "50"]
[EventDate "2007.09.07"]

1. d4 Nf6 2. Nf3 c5 3. d5 e6 4. c4 exd5 5. cxd5 d6 6. Nc3 g6 7. e4 Bg7 8. Bg5
h6 9. Bh4 g5 10. Bg3 Nh5 11. Bb5+ Bd7 12. Bxd7+ Qxd7 13. Qd3 Na6 14. a3 Rc8 15.
Nd2 Nxg3 16. hxg3 Nc7 17. Nc4 b5 18. Na5 c4 19. Qe2 Na6 20. Nc6 Nc5 21. O-O a6
22. f4 Nd3 23. Rad1 Rxc6 24. Rxd3 cxd3 25. dxc6 Qa7+ 0-1

[Event "IX Open"]
[Site "Crema ITA"]
[Date "2007.09.08"]
[Round "3"]
[White "Bongiorni, Gabriele"]
[Black "Crimi, Alessandro"]
[Result "0-1"]
[WhiteElo "1816"]
[BlackElo "1918"]
[PlyCount "73"]
[EventDate "2007.09.07"]

1. e4 c5 2. Nf3 e6 3. d4 cxd4 4. Nxd4 Nf6 5. Nc3 d6 6. Be2 Be7 7. Be3 a6 8. Qd2
Nc6 9. O-O O-O 10. f4 Qc7 11. Bf3 Bd7 12. Rae1 Rac8 13. f5 e5 14. Nb3 b5 15. g4
b4 16. Nd5 Nxd5 17. exd5 Na5 18. Be4 Nc4 19. Qg2 Nxe3 20. Rxe3 Qa7 21. Qf2 Bd8
22. Rfe1 Bb6 23. Qg3 f6 24. Kg2 Bxe3 25. Rxe3 a5 26. h4 a4 27. Nc1 Qd4 28. c3
Qd2+ 29. Ne2 Qxb2 30. cxb4 Rc4 31. a3 Rfc8 32. g5 R8c7 33. gxf6 Be8 34. Kh3 Bh5
35. Qg5 Bxe2 36. fxg7 Bf1+ 37. Bg2 0-1